Countries most similar to Kosovo - Statistics

General Stats
  • This quiz has been taken 39 times
  • The average score is 15 of 20
Answer Stats
Rank Country % Correct
5 Serbia
100%
3 Albania
97%
4 Bosnia and Herzegovina
94%
6 Croatia
94%
2 North Macedonia
94%
1 Montenegro
90%
13 Romania
87%
7 Slovenia
87%
14 Bulgaria
81%
15 Hungary
77%
8 Moldova
74%
17 Slovakia
74%
16 Poland
71%
18 Czechia
68%
10 Ukraine
68%
9 Cyprus
58%
11 Armenia
48%
12 Georgia
45%
19 Estonia
35%
20 Latvia
35%
No matching quizzes found
Score Distribution
Percent of People with Each Score
Percentile by Number Answered
Your Score History
You have not taken this quiz